Music Quiz

Random Music or Song Quiz
Score 0/25 Timer 20:00
0 Plays Today
Hint Answer % Correct
I can read you like a magazineBlank Space
100%
You, with your switching sides and your wildfire lies and your humiliationMean
66.7%
I long to see the sunlight in your hairHello
66.7%
I was thinking aout the day we met, when the love came rushing out and you were empty handed filled with regret.Running Out
33.3%
Under the lamppost back on 6th streetPhotograph
33.3%
Even if I had a heart of stone You could make it bleed all on your ownRisk It All
33.3%
A cold sweat, hot headed believerStay
33.3%
She can speak French, and I think she's fluentGood Girls
33.3%
Nothing's too broken to find our way backFun
33.3%
Today's a winding road that's taking me to places I didn't want to goThunder
33.3%
Still got scars on my back from your knifeBad Blood
33.3%
See the flames inside my eyes. It burns so bright I wanna' feel your loveI'm A Mess
33.3%
I lived in your chess game but you changed the rules everydayDear John
33.3%
Hint Answer % Correct
Gonna run, while we're young, and keep the faithEveryday
33.3%
I found God on the corner of First and Amistad You Found Me
33.3%
Your words cut deeper than a knife Stitches
33.3%
I gave you my love to borrow, but you just gave it awayPayphone
33.3%
You are everything to me. I was begging you 'Please don't go'Love Story
33.3%
My mind forgets to remind me you're a bad ideaSparks Fly
33.3%
Touch my neck and I'll touch yours. You in those little high-waisted shortsSweater Weather
33.3%
Games that never amount to more than they're meant will play themselves outFalling Slowly
33.3%
I braved a hundred storms to leave you. As hard as you try, no, I will never be knocked downTurning Tables
33.3%
Why are we strangers when our love is strong? Why carry on without me?Everytime
33.3%
After plaid shirt days and nights when you made me your own, now you mailed back my things and I walked home alone.All Too Well
33.3%
I see you next to never. How can we stay foreverRight Here Waiting
33.3%
Come Together.
Have Fun.
All Virtual.
We all need to come together. Play Sporcle's virtual live trivia to have fun, connect with people, and get your trivia on. Join a live hosted trivia game for your favorite pub trivia experience done virtually. If a virtual private party is more your thing, go here for details.

You're not logged in!

Compare scores with friends on all Sporcle quizzes.
OR
Log In

Sporcle TV

Today on Sporcle TV


Watch our educational content, quiz creation guides, and fun videos on Sporcle TV.

Show Comments

Extras

Created Jan 2, 2016ReportNominate
Tags:Song Quiz, Assorted, dare

Top Quizzes Today


Score Distribution

Paid Content

Your Account Isn't Verified!

In order to create a playlist on Sporcle, you need to verify the email address you used during registration. Go to your Sporcle Settings to finish the process.

Report this User

Report this user for behavior that violates our Community Guidelines.

Details: